Elements 76-100 - Statistics

General Stats
  • This quiz has been taken 164 times
  • The average score is 16 of 25
Answer Stats
Hint Answer % Correct
Os Osmium
94%
Au Gold
89%
Pb Lead
89%
Ir Iridium
83%
U Uranium
83%
Fr Francium
78%
Hg Mercury
78%
Bi Bismuth
72%
Rn Radon
72%
Cf Californium
67%
Pu Plutonium
67%
Po Polonium
67%
Ra Radium
67%
Ac Actinium
61%
Am Americium
56%
Np Neptunium
56%
Tl Thallium
56%
Cm Curium
50%
Th Thorium
50%
Bk Berkelium
44%
Es Einsteinium
44%
At Astatine
39%
Fm Fermium
33%
Pt Platnium
33%
Pa Protactinium
33%
No matching quizzes found
Score Distribution
Percent of People with Each Score
Percentile by Number Answered
Your Score History
You have not taken this quiz